书目信息 |
| 题名: |
人人可懂的深度学习
|
|
| 作者: | 凯莱赫 著 ;赵启军 译 | |
| 分册: | ||
| 出版信息: | 北京 机械工业出版社 2021.04 |
|
| 页数: | 11,207页 | |
| 开本: | 21cm | |
| 丛书名: | 信息技术科普丛书 | |
| 单 册: | ||
| 中图分类: | TP181 | |
| 科图分类: | ||
| 主题词: | 机器学习 | |
| 电子资源: | ||
| ISBN: | 978-7-111-68010-9 | |
| 000 | 01189nam0 2200313 450 | |
| 001 | 202021188886 | |
| 005 | 20211025120124.0 | |
| 010 | @a978-7-111-68010-9@dCNY69.00 | |
| 100 | @a20210918d2021 em y0chiy50 ea | |
| 101 | 1 | @achi@ceng |
| 102 | @aCN@b110000 | |
| 105 | @aa z 000yy | |
| 106 | @ar | |
| 200 | 1 | @a人人可懂的深度学习@ARen LiRen LiKe Dong De Shen Du Xue Xi@dDeep learning@f(爱尔兰)约翰·D.凯莱赫(John D. Kelleher)著@g赵启军译@zeng |
| 210 | @a北京@c机械工业出版社@d2021.04 | |
| 215 | @a11,207页@c图@d21cm | |
| 225 | 2 | @a信息技术科普丛书@AXin Xi Ji Shu Ke Pu Cong Shu |
| 300 | @a华章IT | |
| 305 | @a由MIT Press通过Bardon-Chinese Media Agency授权出版 | |
| 330 | @a本书将深度学习技术的发展历史、现状和未来向读者娓娓道来,以深入浅出的方式介绍了深度学习的核心思想和关键技术。该书内容包括:深度学习概述;预备知识;神经网络:深度学习的基石等。 | |
| 333 | @a机器学习者 | |
| 410 | 0 | @12001 @a信息技术科普丛书 |
| 510 | 1 | @aDeep learning@zeng |
| 606 | 0 | @a机器学习 |
| 690 | @aTP181@v5 | |
| 701 | 0 | @c(爱尔兰)@a凯莱赫@AKai Lai He@c(Kelleher, John D.)@4著 |
| 702 | 0 | @a赵启军@AZhao Qi Jun@4译 |
| 801 | 0 | @aCN@c20210909 |
| 905 | @a河南城建学院图书馆@dTP181@eK171 | |
| 人人可懂的深度学习=Deep learning/(爱尔兰)约翰·D.凯莱赫(John D. Kelleher)著/赵启军译.-北京:机械工业出版社,2021.04 |
| 11,207页:图;21cm.-(信息技术科普丛书) |
| 华章IT.-使用对象:机器学习者 |
| ISBN 978-7-111-68010-9:CNY69.00 |
| 本书将深度学习技术的发展历史、现状和未来向读者娓娓道来,以深入浅出的方式介绍了深度学习的核心思想和关键技术。该书内容包括:深度学习概述;预备知识;神经网络:深度学习的基石等。 |
| ● |
| 相关链接 |
|
|
|
正题名:人人可懂的深度学习
索取号:TP181/K171
 
预约/预借
| 序号 | 登录号 | 条形码 | 馆藏地/架位号 | 状态 | 备注 |
| 1 | 1539433 | 215394339 | 自科库301/301自科库 102排9列3层/ [索取号:TP181/K171] | 在馆 | |
| 2 | 1539434 | 215394348 | 自科库301/301自科库 102排9列3层/ [索取号:TP181/K171] | 在馆 |